| Tag |
First Indicator |
Second Indicator |
Subfields |
| LEADER |
00000cam a2200000 a 4500 |
| 001 |
in00000031158 |
| 005 |
20151007060316.0 |
| 008 |
880127s1988 nyuaf b 00110aeng |
| 010 |
|
|
|a 88001199
|
| 020 |
|
|
|a 0029312604
|
| 035 |
|
|
|a (OCoLC)17478747
|
| 035 |
|
|
|9 AAC0547AM
|
| 040 |
|
|
|a DLC
|c DLC
|d TXA
|d UtOrBLW
|
| 049 |
|
|
|a TXAM
|c [A11691489]
|
| 050 |
0 |
0 |
|a BF719
|b .M34 1988
|
| 082 |
0 |
|
|a 154.4/092/4
|a B
|2 19
|
| 100 |
1 |
|
|a Mahler, Margaret S.
|
| 245 |
1 |
4 |
|a The memoirs of Margaret S. Mahler /
|c compiled and edited by Paul E. Stepansky.
|
| 264 |
|
1 |
|a New York :
|b Free Press ;
|a London :
|b Collier Macmillan,
|c [1988]
|
| 264 |
|
4 |
|c ©1988
|
| 300 |
|
|
|a xl, 179 pages, 16 unnumbered pages of plates :
|b illustrations ;
|c 22 cm.
|
| 336 |
|
|
|a text
|b txt
|2 rdacontent
|
| 337 |
|
|
|a unmediated
|b n
|2 rdamedia
|
| 338 |
|
|
|a volume
|b nc
|2 rdacarrier
|
| 504 |
|
|
|a Bibliography: pages x-xi.
|
| 500 |
|
|
|a Includes index.
|
| 600 |
1 |
0 |
|a Mahler, Margaret S.
|
| 650 |
|
0 |
|a Psychoanalysts
|v Biography.
|
| 650 |
|
0 |
|a Infant psychology.
|
| 650 |
|
0 |
|a Child analysis.
|
| 700 |
1 |
|
|a Stepansky, Paul E.
|
| 999 |
|
|
|a MARS
|
| 999 |
f |
f |
|s f6f15354-fcc0-3147-809c-50ee4f7c1a27
|i 7b759c79-89d0-3690-b0dc-417d4c99d9ea
|t 0
|
| 952 |
f |
f |
|p ric
|a Texas A&M University
|b Rellis Campus
|c Joint Library Facility
|d Remote Storage
|t 0
|e BF719 .M34 1988
|h Library of Congress classification
|i unmediated -- volume
|m A14811691489
|
| 998 |
f |
f |
|a BF719 .M34 1988
|t 0
|l Remote Storage
|